Ulice Odrzykonia A-Z - Statystyki

Ogólne statystyki
  • Ten quiz został rozwiązany 5 razy
  • Średni wynik to 11 z 18
Statystyki odpowiedzi
Litera Ulica % Poprawnych
A Aleksandra Fredry | Armii Krajowej
80%
P Piekło | Podlesie | Podzamcze | Polna | Poręba | Prebendarska | Profesora Stanisława Cebuli
80%
B Białobrzeska | Bierska
60%
C Czarny Potok
60%
G Graniczna | Gustawa Ehrenberga
60%
H Hetmana Mikołaja Kamienieckiego
60%
J Jana Pawła II | Jana Skrzyneckiego | Józefa Piłsudskiego
60%
K Kazimierza Wielkiego | Klemensa z Moskorzewa | Kręta | Krośnieńska | Księdza Ernesta Świątka | Księdza Józefa Panasia
60%
Ł Łąkowa | Łęgowa
60%
L Leśna | Leszczyny
60%
M Marii Konopnickiej | Młynek
60%
R Rzeki
60%
S Seweryna Goszczynskiego | Skalickie | Spokojna | Sportowa
60%
Ś Średnia
60%
T Tadeusza Kościuszki | Turaszowska
60%
W Władysława Jagiełły
60%
Z Zapłocie | Zawodzie
60%
N Na Strzelca | Nadbrzeżna
40%
Nie znaleziono quizów pasujących do podanych kryteriów
Rozkład punktacji
Procent ludzi z każdym wynikiem
Percentyl według liczby udzielonych odpowiedzi
Twoja historia wyników
Nie rozwiązałeś tego quizu